000
00272nam a2200121Ia 4500
082
_a
615.1
_b
H10S
100
_a
SETHI, P.D.
245
_a
HPLC- HIGH PERFORMANCE LIQUID CHROMATOGRAPHY
260
_b
CBS- DELHI
300
_a
508
650
_a
PHARMACEUTICS
942
_2
ddc
_c
BK
999
_c
7209
_d
7209